000 00398cam a2200157ua 4500
041 _aeng
_h
082 _a824
_bMAU/DI
100 _aMaurois, Andre .
245 _aDisraeli: A picture of the victorian age /
_cAndre Maurois.
_hTextual Documents
250 _a1 /
_b.
260 _aLondon :
_bBlackie & Son Ltd ,
_c1984.
300 _a300 ; .
504 _a
942 _cBK
999 _c7596
_d7596